000 00693nam a22002177a 4500
003 UA-OsUOA
001 44321
007 ta
008 20101012b un ||||| |||| 00| 0 ukr d
090 _a281.9
_bА11
942 _cBK
040 _aUA-OsUOA
_bukr
_cUA-OsUOA
_dUA-OsUOA
245 _aА Турковичами живе вся земля Холмська наша...
_bПравославна традиція Туркович
_cза ред. Г. Купріяновича
300 _a92 с.
955 _a1
041 _aukr
080 _a281.9
260 _aТурковичі
_c2007
650 7 _a281.9 Східна православна церква і скопці
_2UDC
999 _c424370
_d424370